000 005130000a22001810004500
003 MACL
005 20151230171948.0
008 151230b xxu||||| |||| 00| 0 eng d
040 _aMACL
_cMACL
041 _aEnglish
082 _a294.55/BHA
100 _aBhattacharya, N N
_925326
245 _aHistory of The Tantric Religion
_bA Historical Ritualistic and Philosophical study
260 _bManohar Publications
_c1982
_aNew Delhi
350 _a150
650 _aReligion
_925327
942 _cBK
_k294.55/BHA
_2ddc
999 _c34008
_d34008